Online
Catalog

The americans / (Record no. 35168)

MARC details
000 -CABECERA
campo de control de longitud fija 00616nam a2200193 a 4500
001 - NÚMERO DE CONTROL
campo de control 000035677
005 - FECHA Y HORA DE LA ÚLTIMA TRANSACCIÓN
campo de control 20200930074526.0
008 - DATOS DE LONGITUD FIJA--INFORMACIÓN GENERAL
campo de control de longitud fija 111108s1972 xxuab r 000 0 spa d
020 ## - NÚMERO INTERNACIONAL ESTÁNDAR DEL LIBRO
Número Internacional Estándar del Libro 0155026011
040 ## - FUENTE DE LA CATALOGACIÓN
Centro catalogador/agencia de origen DO-SdBNP
Lengua de catalogación spa
Centro/agencia transcriptor BNPHU
082 ## - NÚMERO DE LA CLASIFICACIÓN DECIMAL DEWEY
Número de clasificación xxxx
Número de documento/Ítem xxxx
100 1# - ENTRADA PRINCIPAL--NOMBRE DE PERSONA
Nombre de persona Bedford, Henry F.
9 (RLIN) 61600
245 10 - MENCIÓN DE TÍTULO
Título The americans /
Mención de responsabilidad, etc. Henry F. Bedford, Trevor Colbourn.
260 ## - PUBLICACIÓN, DISTRIBUCIÓN, ETC.
Lugar de publicación, distribución, etc. New York :
Nombre del editor, distribuidor, etc. Harcourt Brace,
Fecha de publicación, distribución, etc. 1972.
300 ## - DESCRIPCIÓN FÍSICA
Extensión 2v. :
Otras características físicas il., map. ;
Dimensiones 24 cm.
505 0# - NOTA DE CONTENIDO CON FORMATO
Información miscelánea v.1--
Título A brief history to 1877--
Información miscelánea v.2--
Título A brief history since 1865.
590 ## - NOTA LOCAL (RLIN)
Nota local Inventariado, 2019/BT
700 1# - PUNTO DE ACCESO ADICIONAL--NOMBRE DE PERSONA
Nombre de persona Colbourn, Trevor
9 (RLIN) 61601
Holdings
Estado de retiro Estado de pérdida Restricciones de uso No para préstamo Código de colección Localización permanente Ubicación/localización actual Ubicación en estantería Fecha de adquisición Número de inventario Total de préstamos Signatura topográfica completa Código de barras Fecha visto por última vez Precio válido a partir de Tipo de ítem Koha
      Excluido de préstamo Monografías: Libros y Folletos General General Depósito 08.11.2011 LF1   v.1 35677-10 25.06.2020 25.06.2020 No se presta
      Excluido de préstamo Monografías: Libros y Folletos General General Depósito 08.11.2011 LF1   v.2 35677-20 25.06.2020 25.06.2020 No se presta

Powered by Koha